State level log production planning using linear programming

Bibliographic Details
Main Author: ABDUL Rahman Abdul Rahim
Format: Book
Published: Serdang, Selangor : Universiti Pertanian Malaysia , 1989
Subjects:

MARC

LEADER 00000cam a2200000 7i4500
001 0000001297
005 20110718.0
090 0 0 |a 634.98   |b ABD 1989 
100 0 0 |a ABDUL Rahman Abdul Rahim 
245 1 0 |a State level log production planning using linear programming   |c Abdul Rahman Abdul Rahim 
260 0 0 |a Serdang, Selangor :   |b Universiti Pertanian Malaysia ,   |c 1989 
300 |a xvi, 127 p. ;   |c 30 cm. 
500 0 0 |a Bibliography : [p. 89-98] 
500 0 0 |a Master of Science (Universiti Pertanian Malaysia], 1989 
650 0 0 |a Logging 
998 |a JPSM 
999 |a 0000000174   |b Monograph   |c Thesis   |e Default branch